000 00292nam a2200109 a 4500
005 20140408090013.0
008 021115s19uu xx 00 eng d
050 _aPGS '99
_bBON #9
100 _aBonifacio, Adrian
245 _aPriority training needs of grade 6 teachers of SIS.
942 _cPASS
999 _c96182
_d96182